000 00463nam a2200181Ia 4500
005 20250423101249.0
008 250422s9999 xx 000 0 und d
020 _a0471700452
050 _aQA 76 .73 .G15 P74/
100 _aPritsker, A. Alan B.
245 4 _aThe GASP IV simulation language
260 _aNew York
260 _bA Wiley-Interscience Pub
260 _c1974
300 _a451 p
650 _aGASP (Computer program language).
942 _cBK
999 _c35787
_d35787